| 000 | 01131nam a2200313 4500 | ||
|---|---|---|---|
| 008 | 030731s1997 enkm b a001 0 eng d | ||
| 020 | _a1850757623 :USD9.99 | ||
| 090 |
_aBS1755.5 _bG75 |
||
| 100 | 1 | _aGrabbe, Lester L. | |
| 245 | 1 | 0 |
_aWisdom of Solomon / _cedited by Lester L. Grabbe. |
| 260 |
_aSheffield, Eng. : _bSheffield Academic Press, _cc1997. |
||
| 300 |
_a105 p. ; _c22 cm. |
||
| 490 | 1 | _aGuides to apocrypha and pseudepigrapha. | |
| 504 | _aIncludes bibliographical references and indexes. | ||
| 650 | 4 |
_aBible. O.T. Apocrypha. Wisdom of Solomon _xIntroductions. |
|
| 913 | _aN | ||
| 970 | 0 | 1 |
_tAbbreviations _p11 |
| 970 | 0 | 1 |
_tBibliography _p96 |
| 970 | 0 | 1 |
_tIndex of Authors _p106 |
| 970 | 0 | 1 |
_tIndex of References _p102 |
| 970 | 0 | 1 |
_tPreface _p7 |
| 970 | 0 | 1 |
_tTexts, Commentaries, and Other Studies _p8 |
| 970 | 1 | 1 |
_l1 _tIntroduction _p13 |
| 970 | 1 | 1 |
_l2 _tTypology, Midrash, and Greek Rhetoric _p30 |
| 970 | 1 | 1 |
_l3 _tThe Message of the Book _p48 |
| 970 | 1 | 1 |
_l4 _tThe Figure of Wisdom _p68 |
| 970 | 1 | 1 |
_l5 _tThe Historical Context _p81 |
| 951 |
_p20767 _x00004078 _oBS1755.5/G75 _j070613111300281 _d2000-12-21 _cGC |
||
| 999 |
_c16320 _d16320 |
||